000 02535cam a22004814i 4500
003 PE-LiUPU
005 20250731173408.0
008 150706s2008 flua rb 000 0 spa d
020 _a9781592723041
035 _a(Sirsi) i9781592723041
040 _aPE-LiUPU
_bspa
_cPE-LiUPU
_erda
049 _aPRUA
082 0 4 _a248.1
_bM19
_221
100 1 _aMaldonado, Apóstol G.,
_eautor.
245 1 0 _aDiscipulado apostólico integral :
_bun método de expansión que prepara una generación de reino /
_cApóstol G. Maldonado.
264 1 _aMiami :
_bERJ Publicaciones,
_c2008.
300 _a293 páginas :
_bilustraciones ;
_c28 centímetros
336 _atext
_2rdacontent
337 _aunmediated
_2rdamedia
338 _avolume
_2rdacarrier
504 _aIncluye bibliografía.
505 0 _aObjetivos (para el mentor y discípulo) -- Reglas básicas de un discipulado -- Visión -- La vida devocional -- El poder del ayuno bíblico y sus recompensas -- La familia -- La comunicación en el hogar -- Liberación y sanidad interior -- El orgullo y la soberbia -- El servicio a Dios -- Reino o religión, frutos u hojas -- El discípulo y el evangelismo -- La compasión, el poder y la fe para recoger la cosecha -- El carácter de un discípulo -- El quebrantamiento, el camino a la madurez -- El liderazgo de un discípulo -- Las dos cualidades esenciales de un líder -- Misterio, llamado y propósito -- El llamado de Dios y la ley del proceso -- La reforma apostólica y profética -- Las características esenciales de un verdadero padre -- El discípulo y las finanzas -- El origen del diezmo -- La salud física de un discípulo -- El cuidado del cuerpo.
526 _aSEG42
526 _aSEG41
526 _aSEG40
526 _aSEG39
526 _aP94
526 _aP87
526 _aP86
526 _aP85
526 _aP77
526 _aP76
526 _aP35
541 _g001-0000538;
650 0 4 _aVida cristiana.
650 0 4 _aEvangelización.
910 _agl
_bjv
_clch
_d20111006
942 _2ddc
_cBOOK
949 _a248.1 M19 2
_wDEWEY
_c1
_i63695
_lCCODEBUL1
_mBUL
_p22.00
_r0
_sY
_tBOOK
_u2015-7-6
_xTEOLOGIA
_PP35
_o.STAFF. Colección Teología
994 _aC0
_bPEPRU
596 _a1
999 _a248.1 M19 2
_wDEWEY
_c52597
_i63695
_d52597
_e2019-1-29
_f2021-11-10
_g5
_lCCODEBUL1
_mBUL
_n4
_p22.00
_q2
_r0
_sY
_tBOOK
_u2015-7-6
_xTEOLOGIA
_PP35
_0COMPRA
_o.STAFF. Colección Teología
980 _81
_gALBERTO SANCHEZ Responsable de Automatización